[Event "The Himalayan op"]
[Site "Kathmandu"]
[Date "2010.09.09"]
[Round "1"]
[White "Mehdi, Hasan Parag"]
[Black "Shrestha, Shyam"]
[Result "1-0"]
[WhiteElo "2322"]
[BlackElo "1921"]
[PlyCount "121"]
[EventDate "2010.09.09"]
[EventType "swiss"]
[EventRounds "9"]
[EventCountry "NEP"]
[SourceTitle "EXT 2013"]
[Source "ChessBase"]
[SourceDate "2012.11.22"]
[SourceVersion "1"]
[SourceVersionDate "2012.11.22"]
[SourceQuality "1"]

1. e4 c5 2. Nf3 Nc6 3. Bb5 g6 4. Bxc6 dxc6 5. d3 Bg7 6. h3 Qc7 7. Nc3 Nf6 8. Be3 b6 9. Qd2 e5 10. Bh6 0-0 11. g4 Rd8 12. Qg5 Nd7 13. 0-0-0 f6 14. Qe3 Nf8 15. Bxg7 Qxg7 16. Rdg1 g5 17. h4 h6 18. Ne2 Ne6 19. Ng3 Nf4 20. hxg5 fxg5 21. Nh5 Qe7 22. Nxf4 exf4 23. Qe1 Rd6 24. Qc3 Rg6 25. d4 cxd4 26. Nxd4 Qe5 27. f3 c5 28. Qb3+ Be6 29. Nxe6 Qxe6 30. Rd1 Qxb3 31. axb3 Kh7 32. Rd5 Rag8 33. Kd2 Re6 34. Kd3 Kg6 35. e5 Rh8 36. Rh5 Rh7 37. Ke4 Rhe7 38. Rh1 Rc7 39. c3 Rce7 40. Rh2 Rh7 41. Rd6 Rhe7 42. Rhd2 Kf7 43. Rxe6 Rxe6 44. Kf5 Ke7 45. Rd1 Rc6 46. Re1 Re6 47. Ra1 a5 48. b4 cxb4 49. cxb4 Rc6 50. bxa5 bxa5 51. Rxa5 Rb6 52. Ra7+ Kd8 53. Rh7 Rb3 54. Rh8+ Ke7 55. Rh7+ Kd8 56. Rxh6 Rxf3 57. Kxg5 Rf1 58. Kf5 f3 59. Ke6 Rg1 60. Rh8+ Kc7 61. Rf8 1-0

[Event "New Delhi Parsvnath op 8th"]
[Site "New Delhi"]
[Date "2010.01.15"]
[Round "3"]
[White "Shrestha, Shyam"]
[Black "Maheswaran, Palsamy"]
[Result "0-1"]
[WhiteElo "2084"]
[BlackElo "2355"]
[PlyCount "84"]
[EventDate "2010.01.14"]
[EventType "swiss"]
[EventRounds "11"]
[EventCountry "IND"]
[SourceTitle "CBM 134 Extra"]
[Source "ChessBase"]
[SourceDate "2010.03.03"]
[SourceVersion "1"]
[SourceVersionDate "2010.03.03"]
[SourceQuality "1"]

1. d4 Nf6 2. c4 e6 3. Nc3 Bb4 4. a3 Bxc3+ 5. bxc3 c5 6. Nf3 Nc6 7. e3 d6 8. Be2 e5 9. 0-0 0-0 10. a4 e4 11. Nd2 Re8 12. h3 Ne7 13. f4 exf3 14. Bxf3 Nf5 15. Nb3 Qc7 16. Qd3 Ng3 17. Re1 Bf5 18. e4 Bxe4 19. Bxe4 Ngxe4 20. Bf4 Rac8 21. d5 Re7 22. Re2 Rce8 23. Rae1 Qd7 24. Nd2 Nxd2 25. Qxd2 Ne4 26. Qd3 f5 27. h4 h5 28. Qf3 g6 29. a5 Kf7 30. Ra1 Nf6 31. Rxe7+ Rxe7 32. Bg5 Re4 33. Bxf6 Kxf6 34. a6 b6 35. Rf1 Qe7 36. Qg3 Kf7 37. Rb1 Re3 38. Qf4 Qe4 39. Qf1 Qxh4 40. Qc1 Re2 41. Qf1 Qe4 42. Qf3 Qxb1+ 0-1

[Event "Mumbai Mayors Cup 1st"]
[Site "Mumbai"]
[Date "2008.05.12"]
[Round "2"]
[White "Shrestha, Shyam"]
[Black "Kiran, Manisha Mohanty"]
[Result "0-1"]
[WhiteElo "2019"]
[BlackElo "2261"]
[PlyCount "116"]
[EventDate "2008.05.11"]
[EventType "swiss"]
[EventRounds "11"]
[EventCountry "IND"]
[SourceTitle "CBM 124 Extra"]
[Source "ChessBase"]
[SourceDate "2008.07.03"]
[SourceVersion "1"]
[SourceVersionDate "2008.07.03"]
[SourceQuality "1"]

1. e4 c5 2. Nf3 Nc6 3. d4 cxd4 4. Nxd4 Nf6 5. Nc3 d6 6. Be2 g6 7. 0-0 Bg7 8. Nb3 0-0 9. f4 Be6 10. Bf3 Rc8 11. Nd5 Bxd5 12. exd5 Qb6+ 13. Kh1 Na5 14. Nxa5 Qxa5 15. Bd2 Qb6 16. Bc3 Rc4 17. Be2 Rxc3 18. bxc3 Ne4 19. Qd3 Nf2+ 20. Rxf2 Qxf2 21. Rf1 Qc5 22. c4 Qa5 23. Qb3 b6 24. Rd1 Rc8 25. a3 Qc5 26. Rf1 b5 27. Qxb5 Qxb5 28. cxb5 Rxc2 29. Bd1 Rc5 30. a4 Rxd5 31. Bf3 Rc5 32. g3 Rc2 33. Rb1 Ra2 34. Rb4 e6 35. Bc6 d5 36. b6 axb6 37. Rxb6 Bc3 38. Rb8+ Kg7 39. Rb7 Kf8 40. g4 d4 41. f5 gxf5 42. gxf5 d3 43. fxe6 fxe6 44. Rb1 Ke7 45. Be4 d2 46. Bxh7 Rxa4 47. Kg2 Rb4 48. Rd1 Kf6 49. Bc2 Ke5 50. Kf3 Rf4+ 51. Ke3 Rh4 52. Rh1 Rh3+ 53. Kf2 Kd4 54. Kg2 Re3 55. h4 Re2+ 56. Kf3 Re1 57. Kg2 Rxh1 58. Kxh1 Ke3 0-1